Largest Ethnic Groups - Statistics

General Stats
  • This quiz has been taken 542 times
  • The average score is 16 of 26
Answer Stats
"Population" Ethnic Group % Correct
130 Million German
91%
250 Million Spaniard
89%
100 Million English
87%
140 Million Russian
87%
440 Million Arab
86%
100 Million French
84%
1,300 Million Han
83%
130 Million Japanese
83%
100 Million Italian
78%
80 Million Korean
73%
70 Million Turk
72%
50 Million Persian
66%
300 Million Bengali
65%
80 Million Vietnamese
65%
70 Million Tai
64%
120 Million Punjabi
63%
50 Million Malay
59%
80 Million Tamil
59%
80 Million Irish
53%
110 Million Javanese
47%
60 Million Gujarati
42%
90 Million Marathi
33%
90 Million Telugu
31%
50 Million Pashtun
26%
50 Million Hausa
25%
60 Million Pole
20%
No matching quizzes found
Score Distribution
Percent of People with Each Score
Percentile by Number Answered
Your Score History
You have not taken this quiz